| 000 | 00468nam a2200193Ia 4500 | ||
|---|---|---|---|
| 005 | 20250423094757.0 | ||
| 008 | 250422s9999 xx 000 0 und d | ||
| 020 | _a9780723432371 | ||
| 050 | _aSF 780.2 .M37/ | ||
| 100 | _aMarkey, Bryan... [et al.] | ||
| 245 | 0 | _aClinical veterinary microbiology. | |
| 250 | _a2nd ed. | ||
| 260 | _aNew York | ||
| 260 | _bElsevier | ||
| 260 | _c2013 | ||
| 300 | _a901 p | ||
| 650 | _aVeterinary microbiology. | ||
| 942 | _cBK | ||
| 999 |
_c28264 _d28264 |
||